| Tag |
First Indicator |
Second Indicator |
Subfields |
| LEADER |
00000cam a2200000Ia 4500 |
| 001 |
in00002641997 |
| 005 |
20151202121146.0 |
| 008 |
810421s1761 fr 000 1 fre d |
| 029 |
1 |
|
|a NZ1
|b 12315568
|
| 035 |
|
|
|a (OCoLC)ocm07352962
|
| 035 |
|
|
|a (OCoLC)7352962
|
| 040 |
|
|
|a CUI
|c CUI
|d OCL
|d OCLCQ
|d OCLCG
|d TXA
|d UtOrBLW
|
| 049 |
|
|
|a TXAM
|
| 050 |
|
4 |
|a PQ1993
|b .L428 1761
|
| 100 |
1 |
|
|a Lambert, Anne Thérèse de Marguenat de Courcelles,
|c marquise de,
|d 1647-1733.
|
| 240 |
1 |
0 |
|a Works.
|f 1761
|
| 245 |
1 |
0 |
|a Œuvres de Madame la marquise de Lambert :
|b avec un abregé de sa vie.
|
| 250 |
|
|
|a Nouv. éd.
|
| 264 |
|
1 |
|a Paris :
|b Chez Ganeau, Bauche, fils [et] Durand,
|c 1761.
|
| 300 |
|
|
|a 2 volumes (1 unnumbered page, xxii, 382 pages, 4 unnumbered pages ; 5 unnumbered pages, ix [i.e. xi], 407 pages) ;
|c 15 cm.
|
| 336 |
|
|
|a text
|b txt
|2 rdacontent
|
| 337 |
|
|
|a unmediated
|b n
|2 rdamedia
|
| 338 |
|
|
|a volume
|b nc
|2 rdacarrier
|
| 500 |
|
|
|a Includes index.
|
| 500 |
|
|
|a Title vignettes.
|
| 948 |
|
|
|a cataloged
|b h
|c 2011/4/28
|d c
|e hgolay
|f 11:49:12 am
|
| 994 |
|
|
|a C0
|b TXA
|
| 999 |
|
|
|a MARS
|
| 999 |
f |
f |
|s c0d49e16-ae9f-3336-8a0e-879d662d7563
|i 1cd8de39-cab5-370b-b512-291c6da5b0f7
|t 0
|
| 952 |
f |
f |
|p noncirc
|a Texas A&M University
|b College Station
|c Cushing Memorial Library & Archives
|d Cushing: Dawson French (Does not check out)
|t 0
|e PQ1993 .L428 1761
|h Library of Congress classification
|i unmediated -- volume
|k 1.ptie
|
| 998 |
f |
f |
|a PQ1993 .L428 1761
|s 1.ptie
|t 0
|l Cushing: Dawson French (Does not check out)
|